PTE academic 79 plus : (Record no. 170541)

MARC details
000 -LEADER
fixed length control field 00618nam a2200181 4500
005 - DATE AND TIME OF LATEST TRANSACTION
control field 20191217145858.0
010 ## - LCCN (DPL NO)
LC control number ENG-127171
020 ## - INTERNATIONAL STANDARD BOOK NUMBER
International Standard Book Number 9789353434519
Terms of availability 899.00
035 ## - SYSTEM CONTROL NUMBER
System control number EN-110703
037 ## - SOURCE OF ACQUISITION
Source of stock number/acquisition DBAD/PUB
082 ## - DEWEY DECIMAL CLASSIFICATION NUMBER
Classification number 480
100 ## - MAIN ENTRY--PERSONAL NAME
Personal name Ibrar, I.
245 ## - TITLE STATEMENT
Title PTE academic 79 plus :
Statement of responsibility, etc by I.Ibrar
Remainder of title get your dream score /
260 ## - PUBLICATION, DISTRIBUTION, ETC. (IMPRINT)
Place of publication, distribution, etc Noida
Name of publisher, distributor, etc Pearson India Education
Date of publication, distribution, etc 2020
270 ## - ADDRESS
Address 15th Floor, Tower-B, World Trade Tower, Plot No. 1 Block- C, Sector-16
City Noida, Uttar Pradesh
Postal code 201301
Electronic mail address companysecretary.india@pearson.com
300 ## - PHYSICAL DESCRIPTION
Extent 225p.
Dimensions 25cm(pbk)
942 ## - ADDED ENTRY ELEMENTS (KOHA)
Source of classification or shelving scheme Dewey Decimal Classification
Item type English Books
Classification part 480
Call number suffix IBR
Holdings
Withdrawn status Lost status Not for loan Collection code Home library Current library Date acquired Source of acquisition Cost, normal purchase price Full call number Barcode Copy number Cost, replacement price Koha item type
      Non-fiction Central Library Central Library 17/12/2019 DBAD/PUB 899.00 480 IBR EN-110703 1 899.00 English Books

© Delhi Public Library
Hit Counter
free hit counter